Guess the flag - Statistics

General Stats
  • This quiz has been taken 145 times
  • The average score is 12 of 16
Answer Stats
Picture Answer % Correct
United States of America
100%
Greece
98%
Ukraine
97%
Argentina
94%
Finland
94%
South Africa
94%
India
92%
Norway
88%
Switzerland
87%
Slovakia
71%
Sri Lanka
64%
Libya
48%
Belarus
44%
Maldives
39%
Liberia
34%
Eritria
33%
No matching quizzes found
Score Distribution
Percent of People with Each Score
Percentile by Number Answered
Your Score History
You have not taken this quiz